000 00563nam a2200217 a 4500
999 _c7244
_d7244
001 7244
003 BD-JhCC
005 20180206180710.0
008 180206s1978 r a|||| || | 000 0 eng d
035 _a(BD-JhCC)7244
040 _aBD-JhCC
_dBD-JhCC
041 _aeng
082 _a891.74209
_bGOR 1978
100 _aGorky, Maxim
245 _aMaxim Gorky :
_bCollected Works in Ten Volumes /
_cMaxim Gorky,
260 _aMoscow :
_bProgress Publishers,
_c1978.
300 _a516 p. :
_c18 cm.
650 _aShort Stories
942 _2ddc
_cBK